[Event "Czech Open-GM 2022"]
[Site "Pardubice"]
[Date "2022.07.29"]
[Round "8.18"]
[White "Goroshkov, Maksym"]
[Black "Niedbala, Bartlomiej"]
[Result "1/2-1/2"]
[WhiteElo "2240"]
[BlackElo "2381"]
[Annotator "TA"]
[PlyCount "176"]
[EventDate "2022.07.22"]
[EventType "swiss"]
[EventCountry "CZE"]
[SourceTitle "playchess.com"]
[Source "ChessBase"]
[SourceQuality "1"]

1. b3 d5 2. Bb2 Bg4 3. h3 Bh5 4. g4 Bg6 5. Nf3 Nd7 6. Bg2 e6 7. d3 h5 8. g5 h4 9. Nbd2 Ne7 10. Nf1 Nf5 11. Qd2 a5 12. Ne3 Bb4 13. c3 Nxe3 14. Qxe3 Be7 15. c4 c6 16. Rg1 a4 17. Rb1 axb3 18. axb3 Bc5 19. Bd4 Qa5+ 20. Kf1 Qa2 21. Rc1 Bxd4 22. Qxd4 Qxb3 23. cxd5 Qxd5 24. Qxg7 Ke7 25. Nxh4 Qxg5 26. Nxg6+ Qxg6 27. Qb2 Qh6 28. Rb1 Qh4 29. d4 Rh5 30. Qb4+ c5 31. Qxb7 Rf5 32. Bf3 Rb8 33. Qe4 Rxb1+ 34. Qxb1 Qxh3+ 35. Ke1 Qh2 36. Rh1 Qd6 37. d5 Qb6 38. Qxb6 Nxb6 39. dxe6 fxe6 40. Kd2 Nc4+ 41. Kd3 Ne5+ 42. Ke4 Nxf3 43. exf3 Rd5 44. Ra1 Rd4+ 45. Ke5 Rd5+ 46. Ke4 Kf6 47. Ra4 Re5+ 48. Kf4 Rh5 49. Ke4 Rh4+ 50. f4 Rh5 51. Ra5 Rd5 52. Ra4 Rd6 53. Ra7 Rc6 54. Kd3 Rd6+ 55. Ke4 Rd2 56. Rc7 Rc2 57. Kd3 Rxf2 58. Rxc5 Rxf4 59. Ke3 Ra4 60. Rb5 Rh4 61. Ra5 Rh3+ 62. Ke4 Rh1 63. Ke3 Re1+ 64. Kf3 Rb1 65. Ke4 Rb6 66. Kf4 Rc6 67. Ke4 Rc8 68. Rb5 Ra8 69. Kf4 Ra6 70. Ke4 Ra4+ 71. Ke3 Ke7 72. Rh5 Kd6 73. Kd3 Rg4 74. Ke3 Rg1 75. Kd3 Rf1 76. Ke3 Ra1 77. Ke4 Re1+ 78. Kd3 Rd1+ 79. Ke3 Rd5 80. Rxd5+ Kxd5 81. Kd3 e5 82. Ke3 e4 83. Ke2 Kd4 84. Kd2 e3+ 85. Ke2 Ke4 86. Ke1 Kd3 87. Kd1 e2+ 88. Ke1 Ke3 1/2-1/2

[Event "Czech Open-GM 2022"]
[Site "Pardubice"]
[Date "2022.07.29"]
[Round "8.19"]
[White "Crevatin, Leo"]
[Black "Neuman, Petr"]
[Result "1-0"]
[WhiteElo "2259"]
[BlackElo "2378"]
[Annotator "TA"]
[PlyCount "39"]
[EventDate "2022.07.22"]
[EventType "swiss"]
[EventCountry "CZE"]
[SourceTitle "playchess.com"]
[Source "ChessBase"]
[SourceQuality "1"]

1. d4 Nf6 2. c4 g6 3. Nc3 Bg7 4. e4 O-O 5. Nf3 d6 6. Be2 e5 7. Be3 Na6 8. O-O Qe8 9. h3 exd4 10. Bxd4 Nxe4 11. Bxg7 Kxg7 12. Qd4+ Nf6 13. Nd5 Qd8 14. Ng5 Re8 15. Nxh7 Rxe2 16. Nhxf6 Be6 17. Ne8+ Kh6 18. Qg7+ Kg5 19. f4+ Kf5 20. g4+ 1-0

[Event "Czech Open-GM 2022"]
[Site "Pardubice"]
[Date "2022.07.29"]
[Round "8.20"]
[White "Ludvik, Tomas"]
[Black "Sorensen, Hampus"]
[Result "0-1"]
[WhiteElo "2223"]
[BlackElo "2376"]
[Annotator "TA"]
[PlyCount "146"]
[EventDate "2022.07.22"]
[EventType "swiss"]
[EventCountry "CZE"]
[SourceTitle "playchess.com"]
[Source "ChessBase"]
[SourceQuality "1"]

1. Nf3 d5 2. c4 e6 3. g3 dxc4 4. Qa4+ Nd7 5. Qxc4 a6 6. Bg2 b5 7. Qc2 Bb7 8. O-O c5 9. d3 Ngf6 10. a4 Be7 11. Nc3 b4 12. Nb1 O-O 13. Bg5 h6 14. Bxf6 Nxf6 15. Nbd2 Rc8 16. Rfc1 Qc7 17. Nc4 Nd5 18. Nfd2 Rfd8 19. Nb3 h5 20. Nca5 Ba8 21. Qc4 Qa7 22. Bf3 Bg5 23. Rd1 Nb6 24. Qc2 Bxf3 25. exf3 h4 26. Qe2 Bf6 27. Rdc1 Rd5 28. Nc4 Rcd8 29. Rd1 Rc8 30. Ne3 Rd7 31. Rdc1 Nd5 32. Rc2 Rdc7 33. Rac1 Bg5 34. f4 Nxe3 35. fxe3 Be7 36. Rc4 Qb7 37. Qg2 Qd5 38. Qe2 e5 39. e4 Qd7 40. f5 Qxa4 41. Qc2 Qd7 42. Kf2 Qd6 43. Qd2 Qd8 44. Qc2 Rc6 45. Kg2 Bg5 46. Re1 Qd6 47. Na5 R6c7 48. Nb3 Qb6 49. Qf2 Be7 50. Qe3 a5 51. Ra1 Ra7 52. Nd2 Rd8 53. Rc2 a4 54. Nc4 Qb8 55. Rd2 Rd4 56. Rdd1 Bf6 57. Qe2 Bg5 58. Qg4 f6 59. gxh4 Bh6 60. Qe2 Qd8 61. Qc2 b3 62. Qe2 Kh7 63. h3 Rad7 64. Rxa4 Rxd3 65. Rxd3 Rxd3 66. Ra8 Qxa8 67. Qxd3 Qc6 68. Nd6 Bf4 69. Nc4 Qa8 70. Qf3 Kg8 71. Nd6 Qa2 72. Nc4 Qb1 73. Nd6 Qxb2+ 0-1

[Event "Czech Open-GM 2022"]
[Site "Pardubice"]
[Date "2022.07.29"]
[Round "8.21"]
[White "Kusa, Jakub"]
[Black "Jirasko, Miroslav"]
[Result "1-0"]
[WhiteElo "2353"]
[BlackElo "2102"]
[Annotator "TA"]
[PlyCount "91"]
[EventDate "2022.07.22"]
[EventType "swiss"]
[EventCountry "CZE"]
[SourceTitle "playchess.com"]
[Source "ChessBase"]
[SourceQuality "1"]

1. d4 Nf6 2. c4 g6 3. Nc3 Bg7 4. Nf3 O-O 5. Bg5 d6 6. e3 c5 7. d5 a6 8. Be2 h6 9. Bh4 g5 10. Bg3 Nh5 11. Qc2 b5 12. Nxg5 hxg5 13. Bxh5 f5 14. Be2 bxc4 15. Bxc4 Nd7 16. h4 g4 17. O-O Qe8 18. Bf4 Rb8 19. Rab1 Qh5 20. g3 Bf6 21. Bd3 Nb6 22. e4 c4 23. Be2 Kg7 24. Rbe1 fxe4 25. Nxe4 Qxd5 26. Nxf6 Rxf6 27. Bg5 Rf7 28. Qd1 Qxd1 29. Rxd1 Bf5 30. Rd4 d5 31. Bf4 Re8 32. Be5+ Kh7 33. Rfd1 e6 34. Bxg4 Nd7 35. Bxf5+ Rxf5 36. Bf4 e5 37. Rxd5 Nf6 38. Rc5 Kg6 39. Be3 Rb8 40. Rd6 Kh5 41. Rxc4 Rxb2 42. Rd8 e4 43. Rd2 Rxd2 44. Bxd2 Ng4 45. Bf4 Ra5 46. a4 1-0

[Event "Czech Open-GM 2022"]
[Site "Pardubice"]
[Date "2022.07.29"]
[Round "8.22"]
[White "Koziorowicz, Michal"]
[Black "Skytte, Rasmus"]
[Result "1/2-1/2"]
[WhiteElo "2231"]
[BlackElo "2349"]
[Annotator "TA"]
[PlyCount "26"]
[EventDate "2022.07.22"]
[EventType "swiss"]
[EventCountry "CZE"]
[SourceTitle "playchess.com"]
[Source "ChessBase"]
[SourceQuality "1"]

1. e4 e5 2. Nf3 Nc6 3. Bc4 Nf6 4. d3 Bc5 5. Nc3 h6 6. O-O O-O 7. a3 a6 8. Be3 d6 9. Bxc5 dxc5 10. h3 Re8 11. Qd2 Be6 12. Bxe6 Rxe6 13. Qe3 Nd4 1/2-1/2

[Event "Czech Open-GM 2022"]
[Site "Pardubice"]
[Date "2022.07.29"]
[Round "8.23"]
[White "Prilleltensky, Matan"]
[Black "Farkas, Gabor"]
[Result "1/2-1/2"]
[WhiteElo "2191"]
[BlackElo "2335"]
[Annotator "TA"]
[PlyCount "106"]
[EventDate "2022.07.22"]
[EventType "swiss"]
[EventCountry "CZE"]
[SourceTitle "playchess.com"]
[Source "ChessBase"]
[SourceQuality "1"]

1. d4 Nf6 2. c4 e6 3. Nc3 d5 4. cxd5 exd5 5. Bg5 c6 6. Qc2 Be6 7. e3 Nbd7 8. Bd3 h6 9. Bh4 g5 10. Bg3 Nh5 11. Nge2 Nxg3 12. Nxg3 h5 13. h3 Qf6 14. O-O-O O-O-O 15. Kb1 Kb8 16. Rhf1 c5 17. dxc5 Nxc5 18. Bf5 h4 19. Bxe6 fxe6 20. Nge2 Rc8 21. Nd4 Bg7 22. f3 Rhd8 23. Nde2 a6 24. a3 Qe5 25. Qd2 Qc7 26. Qc2 Qb6 27. Ka2 Nd7 28. Qc1 Ne5 29. Rfe1 Nc4 30. Rd3 Qc5 31. Nd4 Nxa3 32. Nb3 Qc4 33. Qd1 Nb5 34. Nxb5 Qxb5 35. Nd4 Bxd4 36. exd4 Rd6 37. Kb1 Rb6 38. Qd2 Rc4 39. Rc3 Rxd4 40. Rc8+ Kxc8 41. Qxd4 Kb8 42. Qh8+ Ka7 43. Qd4 Qc6 44. Re5 a5 45. Rxg5 Qb5 46. Rg8 Qe2 47. Qh8 Qd3+ 48. Ka1 Qf1+ 49. Ka2 Qc4+ 50. Ka1 Rd6 51. Ra8+ Kb6 52. Qb8 Qa4+ 53. Kb1 Qd1+ 1/2-1/2

[Event "Czech Open-GM 2022"]
[Site "Pardubice"]
[Date "2022.07.29"]
[Round "8.24"]
[White "Stinka, Jakub"]
[Black "Gombocz, Ferenc Jr."]
[Result "1/2-1/2"]
[WhiteElo "2335"]
[BlackElo "2229"]
[Annotator "TA"]
[PlyCount "56"]
[EventDate "2022.07.22"]
[EventType "swiss"]
[EventCountry "CZE"]
[SourceTitle "playchess.com"]
[Source "ChessBase"]
[SourceQuality "1"]

1. d4 d5 2. c4 c6 3. Nf3 Nf6 4. Nc3 a6 5. e3 Bf5 6. Bd3 Bg6 7. O-O e6 8. Re1 Ne4 9. Qc2 Bb4 10. a3 Bxc3 11. bxc3 Qa5 12. Bb2 Nd7 13. Nh4 Nd6 14. Nxg6 hxg6 15. c5 Nf5 16. c4 Qc7 17. h3 Ne7 18. Bc3 g5 19. f3 Nf6 20. Rab1 g4 21. fxg4 dxc4 22. Bxc4 Qg3 23. Kf1 Ned5 24. Bd2 Rxh3 25. gxh3 Qf3+ 26. Kg1 Qg3+ 27. Kf1 Qf3+ 28. Kg1 Qg3+ 1/2-1/2

[Event "Czech Open-GM 2022"]
[Site "Pardubice"]
[Date "2022.07.29"]
[Round "8.25"]
[White "Gloser, David"]
[Black "Swicarz, Maciej"]
[Result "1/2-1/2"]
[WhiteElo "2221"]
[BlackElo "2335"]
[Annotator "TA"]
[PlyCount "81"]
[EventDate "2022.07.22"]
[EventType "swiss"]
[EventCountry "CZE"]
[SourceTitle "playchess.com"]
[Source "ChessBase"]
[SourceQuality "1"]

1. e4 c5 2. Nf3 d6 3. d4 cxd4 4. Nxd4 Nf6 5. Nc3 a6 6. Be3 e5 7. Nb3 Be7 8. f3 Be6 9. Qd2 h5 10. Be2 Nbd7 11. Nd5 Bxd5 12. exd5 Qc7 13. c4 O-O 14. O-O g6 15. Na5 Rfc8 16. b4 Qb8 17. Rab1 Bd8 18. f4 Bxa5 19. bxa5 Ne4 20. Qc2 f5 21. Bd3 Ndf6 22. Bxe4 Nxe4 23. fxe5 Qc7 24. exd6 Qxc4 25. Qxc4 Rxc4 26. d7 Nf6 27. Rxb7 Rd8 28. Bg5 Rxd7 29. Rb8+ Kf7 30. Bxf6 Kxf6 31. Rb6+ Kg7 32. d6 Rd4 33. Rxa6 R4xd6 34. Rxd6 Rxd6 35. Rb1 Rd5 36. a6 Ra5 37. Ra1 Rxa6 38. a4 f4 39. a5 Kf6 40. Ra4 Kf5 41. h4 1/2-1/2

[Event "Czech Open-GM 2022"]
[Site "Pardubice"]
[Date "2022.07.29"]
[Round "8.26"]
[White "Vojta, Jakub"]
[Black "Soham Datar"]
[Result "0-1"]
[WhiteElo "2326"]
[BlackElo "2111"]
[Annotator "TA"]
[PlyCount "88"]
[EventDate "2022.07.22"]
[EventType "swiss"]
[EventCountry "CZE"]
[SourceTitle "playchess.com"]
[Source "ChessBase"]
[SourceQuality "1"]

1. e4 c5 2. c3 d6 3. d4 Nf6 4. dxc5 Nc6 5. f3 d5 6. exd5 Nxd5 7. Bc4 e6 8. Bxd5 exd5 9. Be3 Be7 10. Ne2 O-O 11. O-O Re8 12. Bd4 Nxd4 13. cxd4 b6 14. cxb6 Qxb6 15. Qd2 Ba6 16. Nbc3 Bxe2 17. Nxe2 Bg5 18. Qxg5 Rxe2 19. Qxd5 Rd8 20. Qb3 Qxd4+ 21. Kh1 Qf6 22. Rad1 Rde8 23. Qb7 a5 24. b4 Qb2 25. Rg1 axb4 26. Qb6 Qa3 27. Rd8 h6 28. Rxe8+ Rxe8 29. Qb5 Re6 30. Qb8+ Kh7 31. Qf4 Re7 32. Qd6 Rb7 33. Qd5 Ra7 34. Qd4 Ra4 35. Qe4+ g6 36. h3 Qxa2 37. Qb7 Qb3 38. Re1 Ra2 39. Re7 Qd1+ 40. Kh2 Qd6+ 41. Kg1 Qd4+ 42. Kh2 Qf4+ 43. Kg1 Ra1+ 44. Kf2 Qh4+ 0-1

[Event "Czech Open-GM 2022"]
[Site "Pardubice"]
[Date "2022.07.29"]
[Round "8.27"]
[White "Elmi, Saad Abobaker"]
[Black "Bhambure, Shantanu"]
[Result "1/2-1/2"]
[WhiteElo "2123"]
[BlackElo "2320"]
[Annotator "TA"]
[PlyCount "92"]
[EventDate "2022.07.22"]
[EventType "swiss"]
[EventCountry "CZE"]
[SourceTitle "playchess.com"]
[Source "ChessBase"]
[SourceQuality "1"]

1. e4 c5 2. Nf3 d6 3. d4 cxd4 4. Nxd4 Nf6 5. Nc3 a6 6. f3 e5 7. Nb3 Be6 8. Be3 Be7 9. Qd2 Nbd7 10. Nd5 Nxd5 11. exd5 Bf5 12. Bd3 Bxd3 13. Qxd3 O-O 14. O-O-O Bg5 15. Kb1 Bxe3 16. Qxe3 a5 17. c4 a4 18. Nd2 f5 19. h4 Nc5 20. a3 b5 21. h5 Rb8 22. cxb5 Rxb5 23. Ka2 Qf6 24. Nc4 Rfb8 25. g4 Rb3 26. Qe2 f4 27. Rc1 Nd3 28. Rc2 Qf7 29. Qe4 Nc5 30. Nxd6 Nxe4 31. Nxf7 Ng3 32. Nxe5 Nxh1 33. d6 Rd8 34. d7 Kf8 35. Rc4 Rb6 36. Rxf4+ Ke7 37. Re4 Ra8 38. Rc4 Kd8 39. Rd4 Ke7 40. Rc4 Kd8 41. Rd4 Rf6 42. g5 Rf8 43. Nc6+ Kc7 44. d8=Q+ Raxd8 45. Nxd8 Rxd8 46. Rxa4 Kb7 1/2-1/2

[Event "Czech Open-GM 2022"]
[Site "Pardubice"]
[Date "2022.07.29"]
[Round "8.28"]
[White "Livaic, Leon"]
[Black "Redzisz, Michal"]
[Result "1-0"]
[WhiteElo "2576"]
[BlackElo "2232"]
[Annotator "TA"]
[PlyCount "73"]
[EventDate "2022.07.22"]
[EventType "swiss"]
[EventCountry "CZE"]
[SourceTitle "playchess.com"]
[Source "ChessBase"]
[SourceQuality "1"]

1. e4 e5 2. Nf3 Nf6 3. Nxe5 d6 4. Nf3 Nxe4 5. c4 c6 6. Nc3 d5 7. cxd5 Nxc3 8. dxc3 Qxd5 9. Qxd5 cxd5 10. Bb5+ Nc6 11. Ne5 Bd7 12. Nxd7 Kxd7 13. Be3 Kc7 14. O-O-O Rd8 15. Rd2 h5 16. Rhd1 Bd6 17. Rxd5 Bxh2 18. Bxc6 bxc6 19. Rxd8 Rxd8 20. Rh1 Bd6 21. Rxh5 a6 22. Kc2 f6 23. g4 Rd7 24. g5 fxg5 25. Rxg5 Rf7 26. Bd4 Bf8 27. Kd3 Kb7 28. Ke4 Re7+ 29. Re5 Rd7 30. Re8 Rf7 31. f4 Bd6 32. f5 c5 33. Be5 Bf8 34. c4 Kc6 35. Rb8 Be7 36. Rc8+ Kb6 37. Rc7 1-0

[Event "Czech Open-GM 2022"]
[Site "Pardubice"]
[Date "2022.07.29"]
[Round "8.29"]
[White "Nikolic, Vladan"]
[Black "Lokander, Martin"]
[Result "0-1"]
[WhiteElo "2205"]
[BlackElo "2483"]
[Annotator "TA"]
[PlyCount "60"]
[EventDate "2022.07.22"]
[EventType "swiss"]
[EventCountry "CZE"]
[SourceTitle "playchess.com"]
[Source "ChessBase"]
[SourceQuality "1"]

1. d4 e6 2. c4 b6 3. a3 Bb7 4. Nc3 Nf6 5. d5 Bd6 6. Nf3 O-O 7. g3 c6 8. Bg2 exd5 9. cxd5 Nxd5 10. Nxd5 cxd5 11. O-O Na6 12. b4 Nc7 13. Bb2 Be7 14. Rc1 a5 15. Qb3 axb4 16. axb4 Re8 17. Bxg7 Kxg7 18. Qc3+ Bf6 19. Qxc7 Qxc7 20. Rxc7 Bc6 21. Bh3 Red8 22. Rd1 b5 23. Bf5 Ra4 24. g4 h6 25. h4 Rxb4 26. g5 hxg5 27. hxg5 Bc3 28. e3 Rc4 29. Kh2 b4 30. Bd3 Ba4 0-1

[Event "Czech Open-GM 2022"]
[Site "Pardubice"]
[Date "2022.07.29"]
[Round "8.30"]
[White "Mullick, Raahil"]
[Black "Akesson, Ralf"]
[Result "0-1"]
[WhiteElo "2237"]
[BlackElo "2427"]
[Annotator "TA"]
[PlyCount "162"]
[EventDate "2022.07.22"]
[EventType "swiss"]
[EventCountry "CZE"]
[SourceTitle "playchess.com"]
[Source "ChessBase"]
[SourceQuality "1"]

1. e4 c6 2. d4 d5 3. e5 Bf5 4. h4 h5 5. Bd3 Bxd3 6. Qxd3 e6 7. Bg5 Ne7 8. Nd2 Nd7 9. Ngf3 Qc7 10. c4 dxc4 11. Nxc4 Nd5 12. O-O N7b6 13. Ncd2 f6 14. Be3 Qf7 15. Ne4 Be7 16. Rac1 Rd8 17. Nc5 Bxc5 18. dxc5 Nc8 19. exf6 gxf6 20. Nd4 Nce7 21. Qe4 e5 22. Nf5 Nxf5 23. Qxf5 Rg8 24. Rfe1 Ne7 25. Qf3 Rg4 26. Rcd1 Rd5 27. g3 Qg6 28. Kf1 Kf7 29. Rd2 Ke6 30. Bf4 Rxd2 31. Bxd2 Qc2 32. Bc3 Qf5 33. Qxf5+ Kxf5 34. Rd1 Nd5 35. Bd2 Ra4 36. a3 Kg4 37. Ke2 Re4+ 38. Kf1 Rd4 39. Ke2 e4 40. Rc1 f5 41. Bg5 Rd3 42. Rc4 Kh3 43. Rc2 Kg2 44. Rd2 Rb3 45. Rc2 Rf3 46. Ke1 a6 47. Rd2 Kg1 48. Re2 Kh2 49. Rd2 Kg2 50. Rc2 Rd3 51. Ke2 Kh3 52. Rd2 Rb3 53. Kf1 Kg4 54. Ke2 f4 55. gxf4 Nxf4+ 56. Bxf4 Kxf4 57. Rc2 Kg4 58. Rd2 Kxh4 59. Rd4 Kg5 60. Rxe4 h4 61. Re7 h3 62. Kf1 Rxb2 63. Rh7 Rb1+ 64. Ke2 Rb3 65. a4 a5 66. f3 Rb2+ 67. Ke3 h2 68. Rh8 Kf5 69. Rh5+ Kg6 70. Rh8 Ra2 71. Rh3 Kg5 72. Rh8 Ra3+ 73. Kf2 Rxa4 74. Kg3 Ra2 75. f4+ Kg6 76. Kg4 Rg2+ 77. Kf3 Rc2 78. Kg4 a4 79. f5+ Kg7 80. Rh3 a3 81. Kg5 Rg2+ 0-1

[Event "Czech Open-GM 2022"]
[Site "Pardubice"]
[Date "2022.07.29"]
[Round "8.31"]
[White "Keller, Peter"]
[Black "Paseka, Matyas"]
[Result "1-0"]
[WhiteElo "2377"]
[BlackElo "2218"]
[Annotator "TA"]
[PlyCount "59"]
[EventDate "2022.07.22"]
[EventType "swiss"]
[EventCountry "CZE"]
[SourceTitle "playchess.com"]
[Source "ChessBase"]
[SourceQuality "1"]

1. e4 c5 2. Nf3 d6 3. Bb5+ Nd7 4. c4 a6 5. Ba4 Ngf6 6. Nc3 g6 7. h3 Bg7 8. d3 O-O 9. Be3 Qc7 10. Qd2 b6 11. Nh2 Bb7 12. Bh6 e6 13. Ng4 Ne8 14. Bxg7 Kxg7 15. Qh6+ Kg8 16. Ne3 Ng7 17. g4 Ne5 18. O-O-O Nf3 19. Rdf1 Qe7 20. Bd1 Qf6 21. h4 Ne8 22. g5 Qf4 23. Bxf3 Qxf3 24. h5 Ng7 25. hxg6 fxg6 26. Rh3 Nh5 27. Rxf3 Rxf3 28. Rh1 Raf8 29. Rxh5 gxh5 30. Qxe6+ 1-0

[Event "Czech Open-GM 2022"]
[Site "Pardubice"]
[Date "2022.07.29"]
[Round "8.32"]
[White "Gyerpal, Adrian"]
[Black "Butkiewicz, Lukasz"]
[Result "0-1"]
[WhiteElo "2193"]
[BlackElo "2370"]
[Annotator "TA"]
[PlyCount "86"]
[EventDate "2022.07.22"]
[EventType "swiss"]
[EventCountry "CZE"]
[SourceTitle "playchess.com"]
[Source "ChessBase"]
[SourceQuality "1"]

1. Nf3 Nf6 2. c4 e6 3. g3 d5 4. d4 dxc4 5. Bg2 Bb4+ 6. Bd2 a5 7. Bxb4 axb4 8. Ne5 O-O 9. O-O Nc6 10. Nxc6 bxc6 11. Bxc6 Rb8 12. Bf3 Qd6 13. e3 Ba6 14. Be2 c5 15. Nd2 Qd5 16. Rc1 cxd4 17. Bxc4 Bxc4 18. Rxc4 dxe3 19. fxe3 Rfd8 20. Rd4 Qxa2 21. Ne4 Rxd4 22. Nxf6+ gxf6 23. Qxd4 f5 24. g4 Qd5 25. Qf4 Rc8 26. Qg5+ Kf8 27. gxf5 exf5 28. Ra1 Qe4 29. Qh6+ Ke8 30. Qb6 h5 31. h3 h4 32. Qh6 Qe5 33. Qxh4 Qxe3+ 34. Qf2 Qxf2+ 35. Kxf2 Rc2+ 36. Kf3 Rxb2 37. Ra8+ Ke7 38. Rb8 b3 39. Rb6 Rb1 40. h4 b2 41. Kg2 f4 42. h5 f3+ 43. Kf2 Rh1 0-1

[Event "Czech Open-GM 2022"]
[Site "Pardubice"]
[Date "2022.07.29"]
[Round "8.33"]
[White "Nemec, Jachym"]
[Black "Delgerdalai, Bayarjavkhlan"]
[Result "1/2-1/2"]
[WhiteElo "2357"]
[BlackElo "2209"]
[Annotator "TA"]
[PlyCount "88"]
[EventDate "2022.07.22"]
[EventType "swiss"]
[EventCountry "CZE"]
[SourceTitle "playchess.com"]
[Source "ChessBase"]
[SourceQuality "1"]

1. d4 d5 2. c4 e6 3. Nf3 Nf6 4. Qc2 Bb4+ 5. Bd2 Be7 6. g3 a6 7. c5 O-O 8. Bg2 Nc6 9. O-O Ne4 10. Nc3 f5 11. e3 Bd7 12. a3 g5 13. b4 h5 14. Ne1 g4 15. Nd3 Bg5 16. Ne2 Qf6 17. Nef4 h4 18. a4 Ne7 19. Ne5 Be8 20. Rfd1 Qh6 21. Qb3 hxg3 22. hxg3 Bxf4 23. exf4 Kg7 24. Kf1 Nxd2+ 25. Rxd2 Qh2 26. Nd3 Bd7 27. Ne1 Kf7 28. Nc2 b5 29. a5 c6 30. Ne3 Rh8 31. Ke2 Qh6 32. Rdd1 Qf6 33. Qb2 Rh2 34. Rh1 Rah8 35. Rxh2 Rxh2 36. Rh1 Rxh1 37. Bxh1 Qh8 38. Bg2 Qh2 39. Qa1 Ng8 40. Qh1 Qxh1 41. Bxh1 Nf6 42. Nc2 Ne4 43. Ne1 Kf6 44. Nd3 Be8 1/2-1/2

[Event "Czech Open-GM 2022"]
[Site "Pardubice"]
[Date "2022.07.29"]
[Round "8.34"]
[White "Stauskas, Lukas"]
[Black "Nytra, Ondrej"]
[Result "1/2-1/2"]
[WhiteElo "2348"]
[BlackElo "2214"]
[Annotator "TA"]
[PlyCount "85"]
[EventDate "2022.07.22"]
[EventType "swiss"]
[EventCountry "CZE"]
[SourceTitle "playchess.com"]
[Source "ChessBase"]
[SourceQuality "1"]

1. b3 e5 2. Bb2 Nc6 3. c4 Nge7 4. e3 g6 5. Nc3 Bg7 6. a3 O-O 7. Qc2 d5 8. cxd5 Nxd5 9. Nf3 Bf5 10. e4 Nxc3 11. dxc3 Be6 12. b4 f5 13. Bd3 Qe7 14. O-O f4 15. a4 Nd8 16. b5 Re8 17. Nd2 Nf7 18. c4 g5 19. c5 c6 20. bxc6 bxc6 21. Ba3 Red8 22. Rfd1 g4 23. Nc4 g3 24. fxg3 fxg3 25. hxg3 Bh6 26. Qe2 Kh8 27. Nd6 Rg8 28. Qf2 Nxd6 29. cxd6 Qg7 30. Be2 Qxg3 31. Qxg3 Rxg3 32. Kf2 Rc3 33. Bc1 Rf8+ 34. Bf3 Rc2+ 35. Kg1 Rxc1 36. Raxc1 Be3+ 37. Kf1 Bxc1 38. Rxc1 Bb3 39. Rxc6 Bxa4 40. Rc5 Rd8 41. Rxe5 Rxd6 42. Ra5 Bc2 43. Rxa7 1/2-1/2

[Event "Czech Open-GM 2022"]
[Site "Pardubice"]
[Date "2022.07.29"]
[Round "8.35"]
[White "Claridge-Hansen, William"]
[Black "Jares, Michal"]
[Result "1/2-1/2"]
[WhiteElo "2345"]
[BlackElo "2208"]
[Annotator "TA"]
[PlyCount "191"]
[EventDate "2022.07.22"]
[EventType "swiss"]
[EventCountry "CZE"]
[SourceTitle "playchess.com"]
[Source "ChessBase"]
[SourceQuality "1"]

1. c4 c5 2. g3 Nc6 3. Bg2 g6 4. Nc3 Bg7 5. Nf3 e6 6. h4 h5 7. O-O Nge7 8. d3 O-O 9. Bg5 d5 10. Qc1 b6 11. cxd5 exd5 12. Nxd5 Qxd5 13. Bxe7 Re8 14. Nd2 Qd7 15. Bg5 Bb7 16. Re1 Nd4 17. Bxb7 Qxb7 18. Ne4 Re6 19. Be3 Nf5 20. Bd2 Rae8 21. Bc3 Bxc3 22. bxc3 Nd6 23. Nxd6 Rxd6 24. a4 Rde6 25. Qd2 c4 26. dxc4 Re4 27. Qd5 Qe7 28. Ra2 Rc8 29. a5 Re5 30. Qd3 bxa5 31. Rb1 Rec5 32. Ra4 Qc7 33. Rb5 Rxc4 34. Rxc4 Qxc4 35. Qxc4 Rxc4 36. Rxa5 Rxc3 37. Rxa7 Rc2 38. e3 Kg7 39. Kg2 Rb2 40. Kf3 Rb3 41. Kf4 Rb2 42. f3 Rb4+ 43. e4 Rb5 44. Ra3 Rb4 45. Rd3 Ra4 46. Rb3 Ra5 47. Rb4 Ra3 48. Rb5 Ra4 49. Rb3 Ra5 50. Re3 Ra4 51. Rc3 Ra5 52. Ke3 Ra4 53. f4 Ra5 54. Rb3 Kf6 55. Kf3 Ra6 56. Rd3 Ra5 57. Rd6+ Kg7 58. Rd3 Kf6 59. g4 hxg4+ 60. Kxg4 Ra1 61. Rg3 Ra4 62. e5+ Kg7 63. h5 gxh5+ 64. Kxh5+ Kf8 65. Kg5 Ra5 66. Rb3 Kg7 67. Rb7 Rc5 68. Ra7 Rb5 69. Re7 Kf8 70. Kf6 Rb6+ 71. e6 fxe6 72. Rxe6 Rb7 73. Ra6 Rf7+ 74. Kg5 Rb7 75. f5 Kg7 76. Rg6+ Kf7 77. Rh6 Rb5 78. Rh7+ Kg8 79. Re7 Kf8 80. Re6 Kf7 81. Ra6 Rb7 82. Rh6 Rb5 83. Rf6+ Kg7 84. Rc6 Rb7 85. Rd6 Ra7 86. Kf4 Ra5 87. Ke4 Kf7 88. Rd5 Rxd5 89. Kxd5 Kf6 90. Ke4 Kf7 91. Ke5 Ke7 92. f6+ Kf7 93. Kf5 Kf8 94. Kg6 Kg8 95. f7+ Kf8 96. Kf6 1/2-1/2

[Event "Czech Open-GM 2022"]
[Site "Pardubice"]
[Date "2022.07.29"]
[Round "8.36"]
[White "Budzisz, Adrian"]
[Black "Nguyen, Alex Dac-Vuong"]
[Result "1/2-1/2"]
[WhiteElo "2152"]
[BlackElo "2318"]
[Annotator "TA"]
[PlyCount "27"]
[EventDate "2022.07.22"]
[EventType "swiss"]
[EventCountry "CZE"]
[SourceTitle "playchess.com"]
[Source "ChessBase"]
[SourceQuality "1"]

1. e4 c5 2. Nf3 e6 3. g3 Nc6 4. Bg2 d5 5. exd5 exd5 6. d4 Bg4 7. O-O Nxd4 8. Qe1+ Be6 9. Nxd4 cxd4 10. Qe5 Qf6 11. Qc7 Qe7 12. Qe5 Qf6 13. Qc7 Qe7 14. Qe5 1/2-1/2

[Event "Czech Open-GM 2022"]
[Site "Pardubice"]
[Date "2022.07.29"]
[Round "8.37"]
[White "Frank, Adam"]
[Black "Dubinski, Mateusz"]
[Result "0-1"]
[WhiteElo "2313"]
[BlackElo "2206"]
[Annotator "TA"]
[PlyCount "96"]
[EventDate "2022.07.22"]
[EventType "swiss"]
[EventCountry "CZE"]
[SourceTitle "playchess.com"]
[Source "ChessBase"]
[SourceQuality "1"]

1. e4 c6 2. d4 d5 3. Nd2 dxe4 4. Nxe4 Nd7 5. Ng5 e6 6. Bd3 Ngf6 7. Qe2 Bd6 8. N1f3 h6 9. Ne4 Nxe4 10. Qxe4 Qc7 11. Qg4 Kf8 12. b3 Nf6 13. Qh4 Bb4+ 14. Bd2 Bxd2+ 15. Nxd2 g5 16. Qg3 Qxg3 17. fxg3 Kg7 18. O-O Rd8 19. Rf3 Nd5 20. h3 Nb4 21. Raf1 f5 22. a3 Nxd3 23. Rxd3 b6 24. Re1 Kf6 25. Nf3 c5 26. Rc3 cxd4 27. Rc7 Rd7 28. Rc4 b5 29. Rc5 Bb7 30. Rxb5 Be4 31. Rb4 Rad8 32. Rd1 d3 33. cxd3 Rxd3 34. Rxd3 Rxd3 35. Kf2 Bd5 36. Ra4 Rxb3 37. Rxa7 Rb2+ 38. Kg1 Rb3 39. a4 g4 40. hxg4 fxg4 41. Ne1 Rxg3 42. Kf2 Ra3 43. a5 h5 44. Ke2 Be4 45. Kf2 h4 46. a6 h3 47. gxh3 gxh3 48. Kg1 Ra2 0-1

[Event "Czech Open-GM 2022"]
[Site "Pardubice"]
[Date "2022.07.29"]
[Round "8.38"]
[White "Kulon, Klaudia"]
[Black "Shpanko, Nadiia"]
[Result "1-0"]
[WhiteElo "2286"]
[BlackElo "2200"]
[Annotator "TA"]
[PlyCount "69"]
[EventDate "2022.07.22"]
[EventType "swiss"]
[EventCountry "CZE"]
[SourceTitle "playchess.com"]
[Source "ChessBase"]
[SourceQuality "1"]

1. Nf3 d5 2. c4 d4 3. b4 c5 4. bxc5 Nc6 5. e3 e5 6. exd4 exd4 7. d3 Bxc5 8. Be2 Nge7 9. O-O O-O 10. Ba3 b6 11. Bxc5 bxc5 12. Nbd2 Bg4 13. Ne4 Qa5 14. Nfd2 Bxe2 15. Qxe2 Qa3 16. Nb3 a5 17. Nd6 a4 18. Nb5 Qb4 19. a3 Qxb3 20. Rab1 Ng6 21. Rxb3 axb3 22. Rb1 Na5 23. g3 Rfe8 24. Qd2 Ne5 25. Kg2 Re7 26. Qg5 f6 27. Qf5 Rf8 28. f4 g6 29. Qe4 Nec6 30. Qd5+ Kg7 31. Qxc5 Re2+ 32. Kh3 Rfe8 33. Nxd4 Ra2 34. Nxc6 Ree2 35. Nxa5 1-0